| 000 | 01838nam0a2200337 4500 | ||
|---|---|---|---|
| 001 | RU\NLR\bibl\1721991 | ||
| 005 | 20250616072445.0 | ||
| 010 |
_a978-5-8156-0304-2 _9100 |
||
| 021 |
_aRU _b2010-96390 _96500 |
||
| 035 | _a(NLR Aleph) 001712980 | ||
| 090 |
_a1291850 _c1291850 |
||
| 100 | _a20110112d2010 |||y0rusy50 ca | ||
| 101 | 0 | _arus | |
| 102 | _aRU | ||
| 105 | _aa ||||||||| | ||
| 200 | 1 |
_aСовременные измерения литературных компетенций школьников: базовый и национально-региональный компонент _eучебно-методическое пособие _fТ.А. Наумова, Е.А. Сердобинцева _gМ-во образования и науки РФ, Гос. образоват. учреждение высш. проф. образования "Морд. гос. пед. ин-т им. М.Е. Евсевьева" |
|
| 210 |
_aСаранск _cГОУВПО "Мордовский государственный педагогический институт имени М.Е. Евсевьева" _d2010 |
||
| 215 |
_a195 с. _cил. _d21 |
||
| 320 | _aБиблиогр.: с. 174-177 (61 назв.) | ||
| 606 | 1 |
_aЛитература _jУчебно-методические пособия _xЗнания _xОценка _xСредняя школа _92099704 _3RU\NLR\auth\661270041 |
|
| 686 | _aЧ426.21-28я7 | ||
| 700 | 1 |
_4070 _aНаумова _bТ. А. _cканд. пед. наук _gТатьяна Андреевна _9150410 _3RU\NLR\AUTH\770150447 |
|
| 701 | 1 |
_aСердобинцева _bЕ. А. _gЕлена Александровна _4070 |
|
| 801 | 0 |
_aRU _bNLR _c20110112 _gRCR |
|
| 801 | 1 |
_aRU _bNLR _c20110112 |
|
| 830 | _aавт. по кн. | ||
| 942 | _cBOOK | ||
| 980 | _aNB | ||
| 980 | _aNBR | ||